000
00307nam a22001337a 4500
008
170405b xxu||||| |||| 00| 0 eng d
020
_a
9781405102353
041
_a
eng
080
_a
616.34
100
_a
9
101
_a
SHM
245
_a
PRACTICAL GASTROINTENSTINA ENDOSCOPY
_c
COTTON, P.B
942
_2
udc
_c
BK
999
_c
9840
_d
9840